[Event "Paris-ch IdF"]
[Site "Paris"]
[Date "2023.07.15"]
[Round "7"]
[White "Fardet, Elouan"]
[Black "Gatineau, Yovann"]
[Result "1/2-1/2"]
[WhiteElo "2221"]
[BlackElo "2367"]
[PlyCount "97"]
[EventDate "2023.07.11"]
[EventType "swiss"]
[EventRounds "9"]
[EventCountry "FRA"]
[SourceTitle "CBM 215 Extra"]
[Source "ChessBase"]
[SourceDate "2023.09.30"]
[SourceVersion "1"]
[SourceVersionDate "2023.09.30"]
[SourceQuality "1"]

1. e4 e6 2. d4 d5 3. e5 c5 4. c3 Nc6 5. Nf3 Nge7 6. Na3 Nf5 7. Nc2 Be7 8. Bd3 c4 9. Be2 b5 10. g4 Nh4 11. Nxh4 Bxh4 12. 0-0 0-0 13. f4 f6 14. Be3 b4 15. Qd2 Rb8 16. exf6 Bxf6 17. Ne1 Bd7 18. Ng2 Qb6 19. Bd1 bxc3 20. bxc3 Qb2 21. Qxb2 Rxb2 22. Rf2 Rfb8 23. Bc2 Bd8 24. Bc1 R2b7 25. h3 Ba5 26. Rf3 Bb6 27. Be3 Bc7 28. Bc1 Bb6 29. Be3 Bc7 30. Bc1 Bd6 31. Ne3 Rf8 32. Ng2 Rfb8 33. Ne3 Ne7 34. Rf1 Rf8 35. Ng2 g5 36. Rb1 Rxb1 37. Bxb1 h6 38. Bc2 Kg7 39. Rf2 gxf4 40. Bxf4 Nc8 41. Bxd6 Nxd6 42. Nf4 Rf7 43. Nh5+ Kf8 44. Nf6 Bc6 45. Bg6 Rb7 46. Ne4+ Ke7 47. Nc5 Rb8 48. Re2 Ne4 49. Nxe4 1/2-1/2

[Event "FRA-ch U18"]
[Site "Agen"]
[Date "2023.04.27"]
[Round "6"]
[White "Fardet, Elouan"]
[Black "Razafindratsima, Timothe"]
[Result "0-1"]
[WhiteElo "2243"]
[BlackElo "2442"]
[PlyCount "54"]
[EventDate "2023.04.23"]
[EventType "swiss"]
[EventRounds "9"]
[EventCountry "FRA"]
[SourceTitle "CBM 214 Extra"]
[Source "ChessBase"]
[SourceDate "2023.07.31"]
[SourceVersion "1"]
[SourceVersionDate "2023.07.31"]
[SourceQuality "1"]

1. e4 c5 2. Nf3 Nc6 3. d4 cxd4 4. Nxd4 Qb6 5. Nb3 Nf6 6. Nc3 e6 7. Qe2 Be7 8. Be3 Qc7 9. 0-0-0 d5 10. exd5 Nxd5 11. Nxd5 exd5 12. Kb1 0-0 13. Nd4 Bf6 14. Qf3 Re8 15. c3 Re4 16. h3 Ne5 17. Qg3 Qe7 18. Bd3 Bh4 19. Qh2 Rxd4 20. Bxh7+ Kxh7 21. Bxd4 Nd3 22. g3 Bf6 23. Bxf6 Qxf6 24. Ka1 Qf3 25. g4 Be6 26. Rd2 d4 27. Rhd1 Nxb2 0-1

[Event "FRA-ch U18"]
[Site "Agen"]
[Date "2023.04.25"]
[Round "4"]
[White "Fardet, Elouan"]
[Black "Belgouzia, Emir"]
[Result "1/2-1/2"]
[WhiteElo "2243"]
[BlackElo "2166"]
[PlyCount "107"]
[EventDate "2023.04.23"]
[EventType "swiss"]
[EventRounds "9"]
[EventCountry "FRA"]
[SourceTitle "CBM 214 Extra"]
[Source "ChessBase"]
[SourceDate "2023.07.31"]
[SourceVersion "1"]
[SourceVersionDate "2023.07.31"]
[SourceQuality "1"]

1. e4 c5 2. Nf3 Nc6 3. d4 cxd4 4. Nxd4 e5 5. Nb5 d6 6. N1c3 a6 7. Na3 b5 8. Nd5 Nce7 9. c4 Nxd5 10. exd5 bxc4 11. Nxc4 Nf6 12. Be3 Rb8 13. Be2 Be7 14. 0-0 0-0 15. a4 Bb7 16. Nb6 Qe8 17. Rc1 Bd8 18. Nc4 Qd7 19. Qd2 Nxd5 20. a5 Qe6 21. Rfd1 Be7 22. Nb6 Nxe3 23. Qxe3 d5 24. Qb3 Rfd8 25. h3 h6 26. Rc2 Qg6 27. g3 d4 28. Bd3 e4 29. Rc7 Qd6 30. Rxb7 Rxb7 31. Bxe4 Rbb8 32. Bd5 Qf6 33. Nd7 Rxb3 34. Nxf6+ Bxf6 35. Bxb3 Rb8 36. Rd3 Rb5 37. Bc4 Rxb2 38. Ra3 Be7 39. Ra2 Rxa2 40. Bxa2 d3 41. Kf1 Bb4 42. Bc4 d2 43. Ke2 h5 44. Bxa6 g6 45. Bd3 Bxa5 46. Bc4 Kg7 47. Bd5 f6 48. Bc6 Kh6 49. Be8 g5 50. Kd1 g4 51. hxg4 hxg4 52. Ba4 Kg5 53. Ke2 f5 54. f3 1/2-1/2

[Event "FRA-chT Top 16 GpA"]
[Site "Chartres"]
[Date "2022.06.10"]
[Round "2.2"]
[White "Fardet, Elouan"]
[Black "Le Roux, Jean Pierre"]
[Result "1-0"]
[WhiteElo "2189"]
[BlackElo "2513"]
[PlyCount "96"]
[EventDate "2022.06.09"]
[EventType "team-tourn"]
[EventRounds "7"]
[EventCountry "FRA"]
[SourceTitle "CBM 208 Extra"]
[Source "ChessBase"]
[SourceDate "2022.07.31"]
[SourceVersion "1"]
[SourceVersionDate "2022.07.31"]
[SourceQuality "1"]
[WhiteTeam "Metz Fischer"]
[BlackTeam "Bischwiller"]
[WhiteTeamCountry "FRA"]
[BlackTeamCountry "FRA"]

1. e4 c5 2. Nf3 Nc6 3. d4 cxd4 4. Nxd4 Nf6 5. Nc3 h5 6. Bc4 g6 7. f3 Bg7 8. Be3 0-0 9. Qd2 d6 10. 0-0-0 Bd7 11. Kb1 Rc8 12. Bb3 Ne5 13. Bh6 Nc4 14. Qg5 Rc5 15. Qc1 b5 16. Ncxb5 Bxb5 17. Nxb5 Nxb2 18. Bxg7 Kxg7 19. Qxb2 Rxb5 20. e5 Rxe5 21. Qxe5 dxe5 22. Rxd8 Rxd8 23. Re1 Nd7 24. Rd1 Kf6 25. Kc1 e6 26. Rd6 Ke7 27. Ra6 Ra8 28. Kd2 Kd8 29. Ke3 Kc7 30. Ba4 Nb6 31. Bb3 Kd6 32. c3 Kc6 33. Ra5 Kd6 34. Ra6 h4 35. c4 Kc7 36. Ke4 Nd7 37. Ra5 a6 38. f4 Kb6 39. Ra3 f5+ 40. Ke3 Rc8 41. fxe5 Nxe5 42. Kd4 Nc6+ 43. Ke3 e5 44. c5+ Kb5 45. Bc2 Kxc5 46. Bd3 a5 47. Rc3+ Kd6 48. Bb5 Ne7 1-0

[Event "FRA-ch U18"]
[Site "Agen"]
[Date "2022.04.24"]
[Round "9"]
[White "Girel, Joseph"]
[Black "Fardet, Elouan"]
[Result "1/2-1/2"]
[WhiteElo "2404"]
[BlackElo "2154"]
[PlyCount "36"]
[EventDate "2022.04.16"]
[EventType "swiss"]
[EventRounds "9"]
[EventCountry "FRA"]
[SourceTitle "EXT 2023"]
[Source "ChessBase"]
[SourceDate "2022.10.05"]
[SourceVersion "1"]
[SourceVersionDate "2022.10.05"]
[SourceQuality "1"]

1. d4 Nf6 2. c4 g6 3. Nf3 Bg7 4. g3 0-0 5. Bg2 d6 6. Nc3 Nc6 7. 0-0 a6 8. d5 Na5 9. b3 Rb8 10. Bd2 c5 11. dxc6 Nxc6 12. Rc1 Bf5 13. Ng5 h6 14. Nge4 Nxe4 15. Nxe4 Qd7 16. Bc3 Bh3 17. Bxg7 Kxg7 18. Qd2 Bxg2 1/2-1/2

[Event "FRA-ch U16"]
[Site "Agen"]
[Date "2021.10.31"]
[Round "9"]
[White "Fardet, Elouan"]
[Black "Rouast, Joseph"]
[Result "1-0"]
[WhiteElo "2237"]
[BlackElo "1960"]
[PlyCount "63"]
[EventDate "2021.10.22"]
[EventType "swiss"]
[EventRounds "9"]
[EventCountry "FRA"]
[SourceTitle "EXT 2023"]
[Source "ChessBase"]
[SourceDate "2022.10.05"]
[SourceVersion "1"]
[SourceVersionDate "2022.10.05"]
[SourceQuality "1"]

1. e4 c5 2. Nf3 d6 3. d4 cxd4 4. Nxd4 Nf6 5. Nc3 a6 6. Bg5 e6 7. f4 Be7 8. Qf3 Qc7 9. 0-0-0 Nbd7 10. g4 b5 11. Bxf6 Nxf6 12. g5 Nd7 13. f5 Bxg5+ 14. Kb1 Ne5 15. Qh5 Qe7 16. Nxe6 Bxe6 17. fxe6 g6 18. exf7+ Kxf7 19. Qh3 Kg7 20. Nd5 Qa7 21. Qg3 Bh6 22. Be2 Rhf8 23. Rhf1 Rxf1 24. Rxf1 Rf8 25. Rxf8 Kxf8 26. a4 Qc5 27. Qh4 Nf7 28. Qe7+ Kg7 29. Nc7 Qc6 30. axb5 axb5 31. Bxb5 Bg5 32. Qxf7+ 1-0

[Event "FRA-ch U18/14 Online"]
[Site "Europe Echecs INT"]
[Date "2020.07.11"]
[Round "1"]
[White "Fondrat, Johan"]
[Black "Fardet, Elouan"]
[Result "0-1"]
[WhiteElo "1509"]
[BlackElo "2163"]
[PlyCount "66"]
[EventDate "2020.07.11"]
[EventType "swiss (blitz)"]
[EventRounds "9"]
[EventCountry "FRA"]
[SourceTitle "EXT 2021"]
[Source "ChessBase"]
[SourceDate "2020.10.23"]
[SourceVersion "1"]
[SourceVersionDate "2020.10.23"]
[SourceQuality "1"]

1. e4 c5 2. c3 Nf6 3. e5 Nd5 4. Nf3 e6 5. d4 cxd4 6. cxd4 d6 7. exd6 Bxd6 8. Nc3 0-0 9. Nxd5 exd5 10. Bd3 Nc6 11. 0-0 Bg4 12. h3 Bh5 13. Be3 Qf6 14. Be2 h6 15. Rc1 Rfe8 16. Re1 Rac8 17. Nh2 Bxe2 18. Rxe2 Bb8 19. Nf3 Re4 20. Nd2 Qd6 21. Nf1 Rce8 22. Rd2 f5 23. g3 Qg6 24. Qf3 f4 25. Kh2 fxe3 26. Nxe3 Nxd4 27. Qg2 Nf5 28. Nxd5 Nh4 29. Qh1 Bxg3+ 30. fxg3 Re2+ 31. Rxe2 Rxe2+ 32. Kg1 Qxg3+ 33. Kf1 Qf2# 0-1

[Event "FRA-ch Blitz Online Qual"]
[Site "Europe Echecs INT"]
[Date "2020.05.16"]
[Round "10"]
[White "Efimov, Igor"]
[Black "Fardet, Elouan"]
[Result "1-0"]
[WhiteElo "2409"]
[BlackElo "2163"]
[PlyCount "35"]
[EventDate "2020.05.16"]
[EventType "swiss (blitz)"]
[EventRounds "15"]
[EventCountry "FRA"]
[SourceTitle "CBM 196 Extra"]
[Source "ChessBase"]
[SourceDate "2020.07.31"]
[SourceVersion "1"]
[SourceVersionDate "2020.07.31"]
[SourceQuality "1"]

1. d4 Nf6 2. Bg5 Ne4 3. Bf4 d5 4. e3 c5 5. c3 Nc6 6. Bd3 Bf5 7. dxc5 Bg6 8. b4 e5 9. Bg3 Nxg3 10. hxg3 Bxd3 11. Qxd3 a5 12. Qb5 Qd7 13. Nf3 Be7 14. Nbd2 0-0 15. 0-0 Rfd8 16. a3 f6 17. Rfd1 e4 18. Nxe4 1-0

[Event "FRA-ch Blitz Online Qual"]
[Site "Europe Echecs INT"]
[Date "2020.05.16"]
[Round "5"]
[White "Fardet, Elouan"]
[Black "Suarez Uriel, Adrian"]
[Result "0-1"]
[WhiteElo "2163"]
[BlackElo "2340"]
[PlyCount "64"]
[EventDate "2020.05.16"]
[EventType "swiss (blitz)"]
[EventRounds "15"]
[EventCountry "FRA"]
[SourceTitle "CBM 196 Extra"]
[Source "ChessBase"]
[SourceDate "2020.07.31"]
[SourceVersion "1"]
[SourceVersionDate "2020.07.31"]
[SourceQuality "1"]

1. e4 c5 2. Nf3 Nc6 3. d4 cxd4 4. Nxd4 g6 5. Nc3 Bg7 6. Be3 Nf6 7. Bc4 0-0 8. Bb3 Re8 9. h4 d6 10. f3 Na5 11. Qd2 Nxb3 12. axb3 d5 13. e5 Nh5 14. g4 Ng3 15. Rg1 Bxe5 16. f4 Bg7 17. Rxg3 e5 18. fxe5 Qxh4 19. Bf2 Rxe5+ 20. Nde2 Bxg4 21. 0-0-0 Bh6 22. Be3 Rxe3 23. Rxe3 Qf2 24. Nxd5 Bxe3 25. Qxe3 Qxe3+ 26. Nxe3 Bxe2 27. Rd7 Bf3 28. c4 h5 29. c5 Re8 30. Kd2 h4 31. Nf1 h3 32. Ng3 h2 0-1

[Event "EU-ch U14"]
[Site "Bratislava"]
[Date "2019.08.10"]
[Round "9"]
[White "Briem, Benedikt"]
[Black "Fardet, Elouan"]
[Result "1/2-1/2"]
[WhiteElo "1901"]
[BlackElo "2075"]
[PlyCount "38"]
[EventDate "2019.08.02"]
[EventType "swiss"]
[EventRounds "9"]
[EventCountry "SVK"]
[SourceTitle "EXT 2020"]
[Source "ChessBase"]
[SourceDate "2019.10.17"]
[SourceVersion "1"]
[SourceVersionDate "2019.10.17"]
[SourceQuality "1"]

1. d4 Nf6 2. c4 g6 3. Nc3 Bg7 4. e4 d6 5. Be2 0-0 6. Be3 c5 7. d5 e6 8. Nf3 Re8 9. Nd2 exd5 10. cxd5 Bd7 11. f3 b5 12. Qc2 b4 13. Nd1 a5 14. Nc4 Qc7 15. Bf4 Bf8 16. g4 Bc8 17. Nde3 Nbd7 18. Rc1 Ba6 19. Bg3 Nb6 1/2-1/2

[Event "EU-ch U14"]
[Site "Bratislava"]
[Date "2019.08.09"]
[Round "8"]
[White "Fardet, Elouan"]
[Black "Sahakyan, Aleks"]
[Result "0-1"]
[WhiteElo "2075"]
[BlackElo "1834"]
[PlyCount "72"]
[EventDate "2019.08.02"]
[EventType "swiss"]
[EventRounds "9"]
[EventCountry "SVK"]
[SourceTitle "EXT 2020"]
[Source "ChessBase"]
[SourceDate "2019.10.17"]
[SourceVersion "1"]
[SourceVersionDate "2019.10.17"]
[SourceQuality "1"]

1. e4 c5 2. Nf3 d6 3. d4 cxd4 4. Nxd4 Nf6 5. Nc3 a6 6. g3 e5 7. Nde2 Be6 8. Bg2 b5 9. h3 h5 10. 0-0 Nbd7 11. Nd5 Bxd5 12. exd5 Rc8 13. Be3 Nb6 14. b3 Be7 15. Qd2 Qc7 16. Rfc1 0-0 17. a4 bxa4 18. Bxb6 Qxb6 19. Rxa4 Nd7 20. Qa5 Bg5 21. Rca1 Qxa5 22. Rxa5 Rxc2 23. Kf1 Nc5 24. Rb1 Rb8 25. Ra3 Bd2 26. f4 Bb4 27. Raa1 f6 28. f5 a5 29. Bf3 Bd2 30. Ra3 a4 31. b4 Rxb4 32. Raa1 a3 33. Rxb4 Bxb4 34. Bxh5 a2 35. Nc1 Rxc1+ 36. Rxc1 Bc3 0-1

[Event "EU-ch U14"]
[Site "Bratislava"]
[Date "2019.08.07"]
[Round "6"]
[White "Fardet, Elouan"]
[Black "Andrijashkin, Deniss"]
[Result "0-1"]
[WhiteElo "2075"]
[BlackElo "1862"]
[PlyCount "100"]
[EventDate "2019.08.02"]
[EventType "swiss"]
[EventRounds "9"]
[EventCountry "SVK"]
[SourceTitle "EXT 2020"]
[Source "ChessBase"]
[SourceDate "2019.10.17"]
[SourceVersion "1"]
[SourceVersionDate "2019.10.17"]
[SourceQuality "1"]

1. e4 e5 2. Nf3 Nc6 3. Bb5 a6 4. Ba4 g6 5. c3 Bg7 6. d4 exd4 7. cxd4 Nge7 8. d5 Na5 9. Bd2 Nc4 10. Bc3 Bxc3+ 11. Nxc3 b5 12. Bc2 d6 13. b3 Ne5 14. Nd4 0-0 15. 0-0 f5 16. exf5 Nxf5 17. Nxf5 Bxf5 18. Bxf5 Rxf5 19. Rc1 Qh4 20. f3 Raf8 21. Qe1 Qh6 22. Rc2 Ng4 23. fxg4 Rxf1+ 24. Qxf1 Rxf1+ 25. Kxf1 Qf4+ 26. Ke1 Qxg4 27. Rd2 b4 28. Na4 Qe4+ 29. Kd1 Qb1+ 30. Ke2 Qg1 31. Nb2 Qxg2+ 32. Kd1 Qf3+ 33. Kc1 h5 34. Nd1 g5 35. Nf2 g4 36. Nd3 h4 37. Kc2 g3 38. hxg3 Qxg3 39. Nxb4 h3 40. Nd3 h2 41. Nf2 Qxf2 42. Rxf2 h1Q 43. Rd2 Qe4+ 44. Kb2 Kf7 45. Kc1 Kf6 46. Kd1 Qb1+ 47. Ke2 Ke5 48. Kf2 Ke4 49. Ke2 Qg1 50. b4 Qb1 0-1

[Event "EU-ch U14"]
[Site "Bratislava"]
[Date "2019.08.06"]
[Round "5"]
[White "Tsaruk, Maksim"]
[Black "Fardet, Elouan"]
[Result "1-0"]
[WhiteElo "2230"]
[BlackElo "2075"]
[PlyCount "97"]
[EventDate "2019.08.02"]
[EventType "swiss"]
[EventRounds "9"]
[EventCountry "SVK"]
[SourceTitle "EXT 2020"]
[Source "ChessBase"]
[SourceDate "2019.10.17"]
[SourceVersion "1"]
[SourceVersionDate "2019.10.17"]
[SourceQuality "1"]

1. e4 c5 2. Nf3 d6 3. d4 cxd4 4. Nxd4 Nf6 5. f3 e5 6. Nb3 Be7 7. c4 0-0 8. Nc3 Be6 9. Be3 a6 10. Be2 Nbd7 11. Nd5 Bxd5 12. cxd5 Nh5 13. Qd2 a5 14. Bb5 a4 15. Nc1 Nc5 16. Ne2 Qb6 17. Nc3 h6 18. Bxa4 Bg5 19. Bxg5 hxg5 20. Bb5 Nb3 21. Qf2 Qxf2+ 22. Kxf2 Nxa1 23. Rxa1 Rfc8 24. a4 Kf8 25. Ra3 Ke7 26. Ke3 Nf6 27. h3 Nd7 28. Kd2 g6 29. a5 f5 30. Bxd7 Kxd7 31. Na4 Rxa5 32. Nb6+ Kc7 33. Rc3+ Rc5 34. Rxc5+ dxc5 35. Nxc8 Kxc8 36. b4 c4 37. b5 Kc7 38. Kc3 b6 39. exf5 gxf5 40. Kxc4 Kd6 41. g3 Ke7 42. f4 exf4 43. gxf4 g4 44. hxg4 fxg4 45. Kd4 Kd6 46. Ke4 Kc5 47. f5 g3 48. Kf3 Kxd5 49. Kxg3 1-0

[Event "EU-ch U14"]
[Site "Bratislava"]
[Date "2019.08.03"]
[Round "2"]
[White "Fardet, Elouan"]
[Black "Andjelic, Djordje"]
[Result "1-0"]
[WhiteElo "2075"]
[BlackElo "1787"]
[PlyCount "79"]
[EventDate "2019.08.02"]
[EventType "swiss"]
[EventRounds "9"]
[EventCountry "SVK"]
[SourceTitle "EXT 2020"]
[Source "ChessBase"]
[SourceDate "2019.10.17"]
[SourceVersion "1"]
[SourceVersionDate "2019.10.17"]
[SourceQuality "1"]

1. e4 c5 2. Nf3 Nc6 3. d4 cxd4 4. Nxd4 Nf6 5. Nc3 e5 6. Ndb5 d6 7. Bg5 a6 8. Na3 b5 9. Bxf6 gxf6 10. Nd5 f5 11. c3 Bg7 12. exf5 Bxf5 13. Nc2 0-0 14. Nce3 Be6 15. g3 Rc8 16. Bg2 Kh8 17. 0-0 f5 18. f4 Ne7 19. Qd2 Nxd5 20. Bxd5 Bxd5 21. Nxd5 e4 22. a4 Qe8 23. Ne3 Qc6 24. Rfd1 Qc5 25. Kf2 Rcd8 26. axb5 axb5 27. Qd5 Qb6 28. Qb3 Rb8 29. Qb4 Rf6 30. Rd5 Rh6 31. h4 Rg6 32. Rg1 Bf6 33. h5 Rh6 34. Rxf5 Re8 35. Qxb5 Qxb5 36. Rxb5 Bg7 37. g4 Rhe6 38. Ke2 h6 39. Nf5 e3 40. Rg3 1-0